00843nam a2200217 a 450000100060000000300090000600800410001502000180005604000280007408200140010210000180011624500460013425000120018026000250019230000100021750502770022765000300050465000350053465000330056965000230060223060CO-ViMGA141112s2004 ck r 000 u spa d a9789706867964 aCO-ViMGAbspacCO-ViMGA04a510 O534m1 aO'Neil, Peter10aMatemàticas avanzadas para ingenierìa a6ta Ed. aMéxico : bThomson a557p. aLa transformacion de laplace, Series de fourier, La integral de fourier y las transformaciones de fourier, Funciones especiales, La ecuacion de la onda, La ecuacion de calor, La ecuacion del potencial, Geometria y aritmética, Funciones complejas, Integracion compleja, 14aECUACIONES DIFERENCIALES 14aFUNCIONES DE VARIABLE COMPLEJA14aMATEMATICAS PARA INGENIEROS 14aSERIES DE FOURIER